| 000 | 00793nam a2200265 c 4500 | ||
|---|---|---|---|
| 003 | BLK | ||
| 005 | 20180420221348.0 | ||
| 008 | 180408b bul|||||r ||||||| ||bul|| | ||
| 010 | _aKNG00045849000 | ||
| 040 | _aBLK | ||
| 041 |
_aENG _cENG |
||
| 080 |
_aАнглийска литература _b821.111 _x-323 _z821.111-323 |
||
| 100 | 1 |
_aWodehousе, Pelhalm Grenville _eпърви автор _928283 |
|
| 139 |
_aWodehousе, Pelhalm Grenville _bW 80 |
||
| 245 | 1 | 0 |
_aThe clicking of cuthbert _cPelhalm Grenville Wodehousе. |
| 257 | _aGBR | ||
| 260 |
_аLondon _bHerbert Jenkins _cS. l. |
||
| 300 |
_a256 с. _c19 см |
||
| 380 | _aX | ||
| 852 | _aЦб 206762 | ||
| 856 | 4 |
_qpdf _u |
|
| 856 | 4 |
_qpdf _u |
|
| 942 |
_cKNG _n0 |
||
| 944 |
_aCR _c04.01.2007 _kТеодора_Стоянова |
||
| 944 |
_aED _c04.01.2007 _k |
||
| 999 |
_c42189 _d42189 |
||